000
00279nam a2200109Ia 4500
008
230627s9999 xx 000 0 und d
041
_a
mar
082
_a
343.057
_b
TAL
100
_a
Talankar D. R.
245
_a
Bombay Stamp Act 1958
260
_a
Mumbai
_b
Current Publications
_c
2005
999
_c
687813
_d
687813